| 000 | 00699nam a2200241Ia 4500 | ||
|---|---|---|---|
| 003 | OSt | ||
| 005 | 20220927105212.0 | ||
| 006 | a|||||r|||| 00| 0 | ||
| 007 | ta | ||
| 008 | 220926b |||||||| |||| 00| 0 eng d | ||
| 024 | _a159398 | ||
| 037 | _cReference Collections | ||
| 040 |
_aRTL _cRTL _beng |
||
| 041 |
_2eng _aeng |
||
| 082 | _a"W,32 m2, N94, N4.34-11" | ||
| 110 |
_aINDIA _9352601 |
||
| 245 | 0 |
_aLok Sabha debates _b Eleventh session |
|
| 260 |
_aNew _bDelhi Lok Sabha Secretariat _c1994 |
||
| 500 | _aNo. 11- 716p; No.12- 577p; No.13- 492p | ||
| 700 |
_aINDIA _9352603 |
||
| 942 |
_h"W,32 m2, N94, N4.34-11" _cCC |
||
| 999 |
_c691157 _d691157 |
||